01977nam a22002897a 4500003000900000008004100009040007100050082002400121110003600145245008800181260005300269300003300322440012300355505092000478650002501398650001401423650002601437650002201463700002901485700002101514700002501535700003501560700002301595700002201618700001901640700002801659AR-CdUCM190425b ||||| |||| 00| 0 spa d aMUNICIPALIDAD PROVINCIAL DEL CUSCOcBIBLIOTECA MUNICIPAL DEL CUSCO aRev.Andi/N°12/1988 aCentro Bartolomé de Las Casas aRevista andina /cCentro de estudios rurales andinos Bartolomé de Las Casas Cusco aCusco :bCentro Bartolomé de Las Casas,c1988. a351-630 páginas. :c23 cm. aPublicación Semestral del Centro Bartolomé de Las Casas Cusco.nAño 6, Número 12, N°2, Segundo semestre 1988. aContenido: Estado moderno, iglesia y secularización en el Perú contemporáneo (1821-1919). Pilar García Jordán. -- Los liberales asediados la fracasada primera generación de librecambistas en el Perú, 1820-1850. Paul Gootenberg. -- La sociedad local al inicio de la República Cusco 1824-1850. María Isabel Remy. -- Las tierras de comunidad de Licto, Punín y Macaxí factores para su disminución e intentos de restauración. Christiana Borchart de Moreno. -- Una relación geográfica inédita de 1582 sobre Ecuador Oyumbicho y Amaguaña del valle de los Chillos. Chantal Caillavet. -- Rumi Maqui en la sierra central documentos inéditos de 1907. Carlos Contreras. -- Las oraciones en quechua de la relación de Joan de Santa Cruz Pachacuti Yamqui Salcamaygua. César Itier. -- Fuentes impresas regionales para la investigación histórica del extremo norte. Laura Hurtado Galván. aSociedad republicana aCronistas aFuentes históricas  aTierras comunales aGarcía Jordán, Pilar aGootenberg, Paul aRemy, María Isabel aBorchart de Moreno, Christiana aCaillavet, Chantal aContreras, Carlos aItier, César aHurtado Galván, Laura